Cities of New York - Sudden Death - Statistics

General Stats
  • This quiz has been taken 47 times
  • The average score is 9 of 15
Answers on the Grid
Answers color-coded by a green-red scale on the quiz's grid according to % correct below.
Buffalo
Rockford
Utica
Syracuse
York
Newark
Syracuse
Toledo
Yonkers
Albany
Reading
Atlantic City
New York City
Austin
Poughkeepsie
Springfield
Detroit
Charleston
Niagara Falls
Seattle
Schenectady
Topeka
Ithaca
Rome
Little Rock
Pensacola
Binghamton
Elmira
Troy
Springfield
 
Answer Stats
Answer % Correct
Buffalo
94%
New York City
78%
Syracuse
72%
Albany
69%
Yonkers
69%
Ithaca
63%
Niagara Falls
63%
Schenectady
63%
Utica
63%
Binghamton
59%
Syracuse
56%
Elmira
53%
Poughkeepsie
53%
Troy
50%
Rome
41%
No matching quizzes found
Score Distribution
Percent of People with Each Score
Percentile by Number Answered
Your Score History
You have not taken this quiz